000 00415pab a2200169 454500
008 180718b2006 xxu||||| |||| 00| 0 eng d
100 _aSuleman, Shaik
245 _aGender dimensions in disaster management - a study
260 _c2006
300 _ap.159-72.
362 _aJan-Mar & Apr-Jun
650 _aWomen
650 _aDisasters
700 _aHussain, M.A.
773 _aISDA Journal
909 _a70771
999 _c70771
_d70771